Statistics for Top 10 U.S. States by Percent Born in State

Click here to take the quiz!

General Stats

  • This quiz has been taken 10,134 times
  • The average score is 6 of 10

Answer Stats

%State% Correct
69.3Alabama
78%
71.7Mississippi
74%
74.9Ohio
66%
68.8Kentucky
65%
78.1Louisiana
61%
69.9Iowa
60%
68.7West Virginia
58%
76.2Michigan
56%
70.8Wisconsin
49%
71.7Pennsylvania
38%

Score Distribution

Percentile by Number Answered

Percent of People with Each Score

Your Score History

You have not taken this quiz